000 00697nam a22002297a 4500
008 240625b mp ||||| |||| 00| 0 mon d
020 _a978-99978-52-74-8
035 _a20099
040 _aGA0182080
_bmon
_cMN-UlNLM
_dMN-UlNLM
_erda
041 _amon
042 _a93265
084 _2NNA
_a84(0)
_bК.60
100 _aКоллоди К.
245 0 _aПиноккио
264 _aУлаанбаатар
_bСоёмбо пресс
_c2018
300 _a224х.
336 _2rdacontent
_atext
_btxt
337 _2rdamedia
_aunmediated
_bn
338 _2rdacarrier
_avolume
_bnc
650 _aПиноккио нэртэй модон хүүхэлдэйний тухай
942 _2NNA
_cBK
999 _c1041904
_d1041961